<?xml version="1.0" encoding="UTF-8"?>
<record
    xmlns:xsi="http://www.w3.org/2001/XMLSchema-instance"
    xsi:schemaLocation="http://www.loc.gov/MARC21/slim http://www.loc.gov/standards/marcxml/schema/MARC21slim.xsd"
    xmlns="http://www.loc.gov/MARC21/slim">

  <leader>02271    a2200253   4500</leader>
  <controlfield tag="001">52902</controlfield>
  <controlfield tag="005">20260407155803.0</controlfield>
  <controlfield tag="008">260407a1998    arg                 spa d</controlfield>
  <controlfield tag="003">AR-UNSa-BCEJYS</controlfield>
  <datafield tag="040" ind1=" " ind2=" ">
    <subfield code="a">AR-UNSa-BCEJYS</subfield>
    <subfield code="b">spa</subfield>
    <subfield code="c">AR-UNSa-BCEJYS</subfield>
  </datafield>
  <datafield tag="080" ind1=" " ind2=" ">
    <subfield code="a">330</subfield>
    <subfield code="x">Econom&#xED;a en general</subfield>
  </datafield>
  <datafield tag="245" ind1="1" ind2="0">
    <subfield code="a">Principios de econom&#xED;a</subfield>
  </datafield>
  <datafield tag="020" ind1=" " ind2=" ">
    <subfield code="a">84-481-1422-1</subfield>
  </datafield>
  <datafield tag="264" ind1=" " ind2="1">
    <subfield code="a">Madrid :</subfield>
    <subfield code="b">McGraw-Hill</subfield>
    <subfield code="c">1998</subfield>
  </datafield>
  <datafield tag="300" ind1=" " ind2=" ">
    <subfield code="a">xxxvii, 726 p.</subfield>
    <subfield code="c">25 cm.</subfield>
  </datafield>
  <datafield tag="505" ind1=" " ind2=" ">
    <subfield code="a">1. Los diez principios de la econom&#xED;a - 2. Pensar como un economista - 3. Interdependencia y ganancias derivadas del comercio - 4. Las fuerzas de mercado de la oferta y la demanda - 5. La elasticidad y su aplicaci&#xF3;n - 6. La oferta,la demanda y la pol&#xED;tica econ&#xF3;mica - 7. Los consumidores,los productores y la eficiencia de los mercados - 8. Aplicaci&#xF3;n:Los costes de la tributaci&#xF3;n - 9. Aplicaci&#xF3;n:El comercio internacional - 10. Las externalidades - 11. Los bienes p&#xFA;blicos y los recursos comunes - 12. La elaboraci&#xF3;n del sistema tributario - 13. Los costes de producci&#xF3;n - 14. Las empresas de los mercados competitivos - 15. El monopolio - 16. El oligopolio 17. La competencia monopol&#xED;stica - 18. Los meracdos de factores de producci&#xF3;n - 19. Los ingresos y la discriminaci&#xF3;n - 20. La distribuci&#xF3;n de la renta - 21. La teor&#xED;a de la elecci&#xF3;n del consumidor - 22. La medici&#xF3;n de la renta de un pa&#xED;s - 23. La medici&#xF3;n del coste de la vida - 24. La producci&#xF3;n y el crecimiento - 25. El ahorro,la inversi&#xF3;n y el sistema financiero - 26. La tasa natural de desempleo - 27. El sistema monetario - 28. La inflaci&#xF3;n:sus causas y sus costes - 29. Macroeconom&#xED;a de la econom&#xED;a abierta:conceptos b&#xE1;sicos - 30. Una teor&#xED;a macroecon&#xF3;mica de la econom&#xED;a abierta - 31. La demanda y la oferta agregadas - 32. La influencia de la pol&#xED;tica monetaria y fiscal en la demanda agregada - 33. La disyuntiva a corto plazo entre la inflaci&#xF3;n y el desempleo - 34. Cinco debates sobre la polit&#xED;ca macroecon&#xF3;mica</subfield>
  </datafield>
  <datafield tag="041" ind1=" " ind2=" ">
    <subfield code="a">spa</subfield>
  </datafield>
  <datafield tag="942" ind1=" " ind2=" ">
    <subfield code="c">BK</subfield>
  </datafield>
  <datafield tag="590" ind1=" " ind2=" ">
    <subfield code="a">niveau_biblio:m niveau_hierar:0</subfield>
  </datafield>
  <datafield tag="100" ind1="1" ind2=" ">
    <subfield code="a">Mankiw, N. Gregory</subfield>
  </datafield>
  <datafield tag="700" ind1="1" ind2=" ">
    <subfield code="a">Rabasco Esp&#xE1;riz, Esther</subfield>
  </datafield>
  <datafield tag="700" ind1="1" ind2=" ">
    <subfield code="a">Toharia Cort&#xE9;s, Luis</subfield>
  </datafield>
  <datafield tag="856" ind1="4" ind2="1">
    <subfield code="u">https://www.biblioeco.unsa.edu.ar/pmb/images/libros/L128335.jpg</subfield>
    <subfield code="y">Imagen de portada</subfield>
    <subfield code="q">image/jpeg</subfield>
  </datafield>
  <datafield tag="999" ind1=" " ind2=" ">
    <subfield code="c">5022</subfield>
    <subfield code="d">5022</subfield>
  </datafield>
  <datafield tag="952" ind1=" " ind2=" ">
    <subfield code="0">0</subfield>
    <subfield code="1">0</subfield>
    <subfield code="4">0</subfield>
    <subfield code="7">0</subfield>
    <subfield code="a">BCEJYS</subfield>
    <subfield code="b">BCEJYS</subfield>
    <subfield code="c">16</subfield>
    <subfield code="d">2026-04-07</subfield>
    <subfield code="l">0</subfield>
    <subfield code="o">330 M266</subfield>
    <subfield code="p">L128335</subfield>
    <subfield code="r">2026-04-07 15:58:03</subfield>
    <subfield code="w">2026-04-07</subfield>
    <subfield code="y">L</subfield>
  </datafield>
</record>
